Osobitosti a cieľové subjekty späté s procesom budovania corporate identity nefiremných subjektov
Pojem identita. Regionálna (sidelná), lokálna identita ako forma kolektívnej identity. Špecifiká budovania regional identity. Regional identity mix regiónu ako analógia corporate identity mixu firiem. Corporate design. Corporate culture. Corporate communication. Corporate image. Corporate behaviou...
Gespeichert in:
| 1. Verfasser: | |
|---|---|
| Weitere Verfasser: | |
| Format: | Buchkapitel |
| Sprache: | Slowakisch |
| Schlagworte: | |
| Tags: |
Keine Tags, Fügen Sie das erste Tag hinzu!
|
MARC
| LEADER | 00000naa$a2200000$$$4500 | ||
|---|---|---|---|
| 001 | 0113164 | ||
| 005 | 20240502072246.5 | ||
| 041 | 0 | |a slo | |
| 044 | |a SK | ||
| 245 | 1 | 0 | |a Osobitosti a cieľové subjekty späté s procesom budovania corporate identity nefiremných subjektov |c Otília Zorkóciová, Gabriela Ratkovská |
| 520 | |a Pojem identita. Regionálna (sidelná), lokálna identita ako forma kolektívnej identity. Špecifiká budovania regional identity. Regional identity mix regiónu ako analógia corporate identity mixu firiem. Corporate design. Corporate culture. Corporate communication. Corporate image. Corporate behaviour. | ||
| 610 | 2 | 0 | |a identita podniková |
| 610 | 2 | 0 | |a zvyklosti kultúrne |
| 610 | 2 | 0 | |a psychológia ekonomická |
| 610 | 2 | 0 | |a regionalizácia |
| 610 | 2 | 0 | |a imidž |
| 100 | 1 | |a Zorkóciová, Otília, 1954- | |
| 700 | 1 | |a Ratkovská, Gabriela | |